000 00764nam a2200289Ia 4500
005 20260324143108.0
008 008 260324s9999 xx 000 0 eng d
020 _a9781003062974
037 _aEBOOK
040 _aCRL
040 _beng
040 _cCRL
041 _2eng
041 _aeng
084 _qCRL
100 _aK Wisshak; F Kappeler
_91214361
245 0 _aNuclei in the Cosmos
245 0 _bProceedings of the Second International Symposium on Nuclear Astrophysics, held in Karlsruhe, Germany, 6-10 July 1992
260 _bTaylor and Francis
260 _c1993
365 _a
365 _b760
856 _uhttp://www.taylorfrancis.com/books/9781003062974
942 _cEBOOK
999 _c1819365
_d1819365